| 000 | 00878cam a22002413a 4500 | ||
|---|---|---|---|
| 001 | 3170 | ||
| 003 | PGUSA | ||
| 005 | 20140828083026.0 | ||
| 008 | 020401s2002||||xxu|||||s|||||000 p eng d | ||
| 040 |
_aPGUSA _beng |
||
| 042 | _adc | ||
| 050 | 4 | _aPR | |
| 100 | 1 |
_aMorris, William, _d1834-1896 |
|
| 245 | 1 | 0 |
_aChants for Socialists _h[electronic resource] / _cWilliam Morris |
| 260 |
_bProject Gutenberg, _c2002 |
||
| 505 | 0 | _aChants for Socialists -- The Day is Coming -- The Voice of Toil -- No Master -- All for the Cause -- The March of the Workers -- Down Among the Dead Men -- A Death Song -- May Day [1892] -- May Day, 1894 -- The Message of the March Wind | |
| 506 | _aPublic domain in the USA. | ||
| 516 | _aElectronic text | ||
| 653 | _aSocialism -- Poetry | ||
| 830 | 0 |
_aProject Gutenberg _v3170 |
|
| 856 | 4 | 0 | _uhttp://www.gutenberg.org/ebooks/3170 |
| 942 | _cEB | ||
| 999 |
_c232499 _d232499 |
||